[Event "Bad Wiessee Senioren Cup 8th"]
[Site "Bad Wiessee"]
[Date "2019.05.18"]
[Round "8"]
[White "Borries, Barbara"]
[Black "Taube, Hubertus"]
[Result "0-1"]
[WhiteElo "1830"]
[BlackElo "2045"]
[PlyCount "68"]
[EventDate "2019.05.11"]
[EventType "swiss"]
[EventRounds "9"]
[EventCountry "GER"]
[SourceTitle "EXT 2020"]
[Source "ChessBase"]
[SourceDate "2019.10.17"]
[SourceVersion "1"]
[SourceVersionDate "2019.10.17"]
[SourceQuality "1"]

1. e4 c6 2. d4 d5 3. e5 Bf5 4. Bd3 Bxd3 5. Qxd3 e6 6. Nf3 Qb6 7. 0-0 c5 8. dxc5 Bxc5 9. c3 a5 10. a3 Nc6 11. Qc2 Nge7 12. a4 Ng6 13. Qe2 0-0 14. Na3 Rfd8 15. Be3 Bxe3 16. fxe3 Ncxe5 17. Nd4 Rac8 18. Qf2 Rd7 19. Nab5 Nd3 20. Qe2 Nc5 21. b4 Ne4 22. Rac1 Ne5 23. g3 Rc4 24. Rc2 axb4 25. cxb4 Rxb4 26. Qh5 Ng6 27. Rc8+ Rd8 28. Rxd8+ Qxd8 29. Qf3 Nf6 30. Qd1 h6 31. Rf2 Qa5 32. Qc2 Rc4 33. Qd3 Ne5 34. Qb1 Rxa4 0-1

[Event "Bad Wiessee Senioren Cup 8th"]
[Site "Bad Wiessee"]
[Date "2019.05.16"]
[Round "6"]
[White "Borries, Barbara"]
[Black "Simmon, Norbert"]
[Result "1-0"]
[WhiteElo "1830"]
[BlackElo "1637"]
[PlyCount "67"]
[EventDate "2019.05.11"]
[EventType "swiss"]
[EventRounds "9"]
[EventCountry "GER"]
[SourceTitle "EXT 2020"]
[Source "ChessBase"]
[SourceDate "2019.10.17"]
[SourceVersion "1"]
[SourceVersionDate "2019.10.17"]
[SourceQuality "1"]

1. e4 c5 2. Nf3 Nc6 3. d4 cxd4 4. Nxd4 d6 5. c4 Nf6 6. Nc3 e6 7. Nxc6 bxc6 8. Be2 Be7 9. 0-0 0-0 10. Be3 Bb7 11. Qc2 Qc7 12. f4 h5 13. h3 Rfd8 14. Rad1 g6 15. a3 c5 16. f5 Nh7 17. fxg6 fxg6 18. Bh6 Bg5 19. Bxg5 Nxg5 20. e5 Kg7 21. Bd3 dxe5 22. Bxg6 Rxd1 23. Rxd1 h4 24. Bh5 e4 25. Ne2 Rf8 26. Qd2 Kh6 27. Bg4 Qf7 28. Nc3 Kg6 29. Qe2 Qf4 30. Rd7 Rf7 31. Bh5+ Kh6 32. Bxf7 Nxf7 33. Rxb7 Ng5 34. Qf2 1-0

[Event "GER-ch Seniors 65"]
[Site "Hamburg"]
[Date "2018.07.27"]
[Round "7"]
[White "Borries, Barbara"]
[Black "Barth, Richard"]
[Result "1-0"]
[WhiteElo "1811"]
[BlackElo "1669"]
[PlyCount "97"]
[EventDate "2018.07.21"]
[EventType "swiss"]
[EventRounds "9"]
[EventCountry "GER"]
[SourceTitle "CBM 186 Extra"]
[Source "ChessBase"]
[SourceDate "2018.08.24"]
[SourceVersion "1"]
[SourceVersionDate "2018.08.24"]
[SourceQuality "1"]

1. e4 c5 2. Nf3 a6 3. d4 cxd4 4. Nxd4 Nf6 5. Bd3 e5 6. Nb3 h6 7. 0-0 Qc7 8. Be3 d6 9. h3 Nc6 10. c3 Be6 11. N1d2 Rd8 12. Qe2 Be7 13. Rad1 0-0 14. Bc4 d5 15. exd5 Nxd5 16. Bxd5 Bxd5 17. Nf3 Bxb3 18. axb3 Na5 19. Qc2 f5 20. Rxd8 Bxd8 21. Rd1 Bf6 22. b4 Nc4 23. Bc5 Be7 24. Bxe7 Qxe7 25. b3 Na3 26. Qd2 Kh7 27. c4 e4 28. Nh2 Qf6 29. Qa2 f4 30. Qxa3 e3 31. fxe3 f3 32. Nxf3 Qg6 33. Re1 Qd3 34. Qc1 Qxb3 35. Qb1+ Qxb1 36. Rxb1 Re8 37. Kf2 Re4 38. Nd4 Kg6 39. c5 Re7 40. Re1 Kf6 41. Kf3 g6 42. c6 b6 43. Rc1 Rc7 44. Ra1 Ra7 45. Ke4 Re7+ 46. Kd5 Re5+ 47. Kd6 Rxe3 48. Rxa6 Rd3 49. Kd5 1-0

[Event "GER-ch Seniors 65"]
[Site "Hamburg"]
[Date "2018.07.26"]
[Round "6"]
[White "Prueske, Wolfgang"]
[Black "Borries, Barbara"]
[Result "1-0"]
[WhiteElo "2000"]
[BlackElo "1811"]
[PlyCount "79"]
[EventDate "2018.07.21"]
[EventType "swiss"]
[EventRounds "9"]
[EventCountry "GER"]
[SourceTitle "CBM 186 Extra"]
[Source "ChessBase"]
[SourceDate "2018.08.24"]
[SourceVersion "1"]
[SourceVersionDate "2018.08.24"]
[SourceQuality "1"]

1. e4 e5 2. Nc3 Nf6 3. g3 Bc5 4. Bg2 Nc6 5. d3 h6 6. Nge2 d6 7. Na4 Bb6 8. Nxb6 axb6 9. 0-0 Be6 10. c4 Bg4 11. f3 Be6 12. b3 Nd4 13. Nxd4 exd4 14. f4 Bd7 15. e5 dxe5 16. fxe5 Ng4 17. Bxb7 Ra5 18. Bd5 Nxe5 19. Re1 Qe7 20. Bf4 f6 21. Bxe5 fxe5 22. Qh5+ Kd8 23. Rxe5 Qd6 24. Qh4+ Kc8 25. Qe7 Qf6 26. Qxf6 gxf6 27. Re4 c5 28. Be6 Re8 29. Bxd7+ Kxd7 30. Rxe8 Kxe8 31. a4 Ra7 32. Re1+ Kf7 33. Kf2 Rd7 34. Kf3 Rd6 35. Kf4 Kg6 36. Re7 h5 37. h3 Rc6 38. h4 Rd6 39. Ke4 f5+ 40. Ke5 1-0

[Event "MVP-ch Seniors op 17th"]
[Site "Binz"]
[Date "2017.12.07"]
[Round "9.36"]
[White "Pamperin, Gerhard"]
[Black "Borries, Barbara"]
[Result "1/2-1/2"]
[WhiteElo "1935"]
[BlackElo "1783"]
[PlyCount "84"]
[EventDate "2017.11.29"]
[EventType "swiss"]
[EventRounds "9"]
[EventCountry "GER"]
[SourceTitle "EXT 2019"]
[Source "ChessBase"]
[SourceDate "2018.10.10"]
[SourceVersion "1"]
[SourceVersionDate "2018.10.10"]
[SourceQuality "1"]

1. d4 Nf6 2. Nf3 e6 3. c4 b6 4. Nc3 Bb4 5. Bd2 0-0 6. e3 Bb7 7. Rc1 c5 8. a3 Bxc3 9. Bxc3 d5 10. dxc5 bxc5 11. Be2 Nbd7 12. 0-0 Ne4 13. Qc2 Rc8 14. Rfd1 Qb6 15. Ne1 Ndf6 16. Be5 Nd7 17. Bc3 Ndf6 18. Bd3 Nxc3 19. Qxc3 h6 20. Nf3 Rfe8 21. b4 dxc4 22. Bxc4 cxb4 23. Qxb4 Qxb4 24. axb4 Bxf3 25. gxf3 Rc7 26. Ba6 Rxc1 27. Rxc1 Re7 28. Bd3 g6 29. Kf1 Rb7 30. b5 Kf8 31. Ke2 Ke7 32. Rc6 Nd5 33. Ra6 Rc7 34. Kd2 Nb4 35. Ra4 Nxd3 36. Kxd3 e5 37. Ra6 f6 38. e4 h5 39. Kd2 g5 40. Ke2 Kf7 41. Kf1 Rb7 42. Kg2 h4 1/2-1/2

[Event "MVP-ch Seniors op 17th"]
[Site "Binz"]
[Date "2017.12.06"]
[Round "8.36"]
[White "Borries, Barbara"]
[Black "Kuehn, Peter1"]
[Result "1/2-1/2"]
[WhiteElo "1783"]
[BlackElo "1953"]
[PlyCount "31"]
[EventDate "2017.11.29"]
[EventType "swiss"]
[EventRounds "9"]
[EventCountry "GER"]
[SourceTitle "EXT 2019"]
[Source "ChessBase"]
[SourceDate "2018.10.10"]
[SourceVersion "1"]
[SourceVersionDate "2018.10.10"]
[SourceQuality "1"]

1. e4 c5 2. Nf3 e6 3. d4 cxd4 4. Nxd4 a6 5. c4 Nf6 6. Nc3 d6 7. Be2 Be7 8. 0-0 Qc7 9. Qd3 Nbd7 10. Nf3 0-0 11. Rd1 Rd8 12. Be3 b6 13. Qc2 Bb7 14. h3 Rac8 15. Rac1 Nc5 16. Nd2 1/2-1/2

[Event "MVP-ch Seniors op 17th"]
[Site "Binz"]
[Date "2017.12.03"]
[Round "5.65"]
[White "Neldner, Frank"]
[Black "Borries, Barbara"]
[Result "0-1"]
[WhiteElo "1549"]
[BlackElo "1783"]
[PlyCount "88"]
[EventDate "2017.11.29"]
[EventType "swiss"]
[EventRounds "9"]
[EventCountry "GER"]
[SourceTitle "EXT 2019"]
[Source "ChessBase"]
[SourceDate "2018.10.10"]
[SourceVersion "1"]
[SourceVersionDate "2018.10.10"]
[SourceQuality "1"]

1. e4 e5 2. Nf3 Nc6 3. d4 exd4 4. Bc4 Be7 5. c3 d6 6. Qb3 Na5 7. Qa4+ c6 8. Bd3 b5 9. Qc2 dxc3 10. Nxc3 Bg4 11. Be2 Nf6 12. 0-0 0-0 13. Nd1 Bxf3 14. Bxf3 Rc8 15. Ne3 g6 16. Ng4 Nc4 17. Nxf6+ Bxf6 18. Bg4 Rc7 19. f4 Bd4+ 20. Kh1 Qf6 21. Rb1 d5 22. Qd3 dxe4 23. Qxe4 Nxb2 24. f5 Re7 25. Qc2 Nc4 26. Bh6 Rfe8 27. Qc1 Be3 28. Bxe3 Nxe3 29. Rf4 Nxg4 30. Rxg4 Qxf5 31. h3 Qxb1 32. Qxb1 Re1+ 33. Qxe1 Rxe1+ 34. Kh2 Ra1 35. Rg3 Rxa2 36. Rc3 b4 37. Rxc6 b3 38. Rc8+ Kg7 39. Rb8 b2 40. Kg3 a5 41. Kf3 a4 42. Ke3 a3 43. Kd3 Ra1 44. Kc2 Rc1+ 0-1

[Event "MVP-ch Seniors op 17th"]
[Site "Binz"]
[Date "2017.12.02"]
[Round "4.46"]
[White "Borries, Barbara"]
[Black "Deflieze, Ulrich"]
[Result "0-1"]
[WhiteElo "1783"]
[BlackElo "1946"]
[PlyCount "34"]
[EventDate "2017.11.29"]
[EventType "swiss"]
[EventRounds "9"]
[EventCountry "GER"]
[SourceTitle "EXT 2019"]
[Source "ChessBase"]
[SourceDate "2018.10.10"]
[SourceVersion "1"]
[SourceVersionDate "2018.10.10"]
[SourceQuality "1"]

1. e4 c5 2. Nf3 d6 3. d4 cxd4 4. Nxd4 Nf6 5. Bb5+ Bd7 6. Bxd7+ Nbxd7 7. Qe2 g6 8. 0-0 Bg7 9. c3 0-0 10. Nd2 a6 11. a4 e5 12. Nc2 d5 13. exd5 Nxd5 14. Qf3 Nc5 15. b4 e4 16. Nxe4 Nxe4 17. Qxe4 Nxc3 0-1

[Event "Schleswig Holstein-ch Seniors op 11th"]
[Site "Buesum"]
[Date "2017.09.14"]
[Round "7"]
[White "Borries, Barbara"]
[Black "Ludwig, Richard"]
[Result "1-0"]
[WhiteElo "1790"]
[BlackElo "1662"]
[PlyCount "121"]
[EventDate "2017.09.08"]
[EventType "swiss"]
[EventRounds "9"]
[EventCountry "GER"]
[SourceTitle "EXT 2019"]
[Source "ChessBase"]
[SourceDate "2018.10.10"]
[SourceVersion "1"]
[SourceVersionDate "2018.10.10"]
[SourceQuality "1"]

1. e4 Nf6 2. e5 Nd5 3. d4 d6 4. exd6 exd6 5. c4 Nf6 6. Nf3 Bg4 7. Be2 Be7 8. h3 Bd7 9. Nc3 0-0 10. Qd3 Qc8 11. Be3 Bf5 12. Qd2 Ne4 13. Nxe4 Bxe4 14. 0-0 Nd7 15. Rfd1 c5 16. d5 Qd8 17. Bf4 Bxf3 18. Bxf3 Nf6 19. Re1 Re8 20. Re3 Bf8 21. Rae1 Rxe3 22. Rxe3 Qc7 23. Bg5 Nd7 24. Bd1 Ne5 25. b3 f6 26. Bh4 Qf7 27. Bg3 Re8 28. Bc2 g6 29. Qe2 Be7 30. f4 Nd7 31. f5 g5 32. Bxd6 Ne5 33. Bxe5 fxe5 34. Rxe5 Kf8 35. Re6 Bf6 36. Rxe8+ Qxe8 37. Qxe8+ Kxe8 38. Kf2 Ke7 39. Kf3 Kd6 40. Ke4 a5 41. a3 b6 42. a4 h5 43. Bd1 h4 44. Bc2 Be5 45. Kf3 Bf6 46. Kg4 Ke5 47. Kh5 Kd6 48. Kg6 Ke5 49. d6 Bd8 50. d7 Kd6 51. f6 Kxd7 52. Kxg5 Ke6 53. Kxh4 Bxf6+ 54. Kg4 Kf7 55. h4 Kg7 56. h5 Kh6 57. Bg6 Bd8 58. Kf5 Kg7 59. g4 Kh6 60. Ke6 Kg5 61. Bf5 1-0

[Event "Schleswig Holstein-ch Seniors op 11th"]
[Site "Buesum"]
[Date "2017.09.13"]
[Round "6"]
[White "Girod, Gudrun"]
[Black "Borries, Barbara"]
[Result "1/2-1/2"]
[WhiteElo "1546"]
[BlackElo "1790"]
[PlyCount "81"]
[EventDate "2017.09.08"]
[EventType "swiss"]
[EventRounds "9"]
[EventCountry "GER"]
[SourceTitle "EXT 2019"]
[Source "ChessBase"]
[SourceDate "2018.10.10"]
[SourceVersion "1"]
[SourceVersionDate "2018.10.10"]
[SourceQuality "1"]

1. d4 Nf6 2. Bf4 d5 3. h3 e6 4. e3 Bd6 5. Bxd6 Qxd6 6. Nd2 c5 7. Bb5+ Bd7 8. Bxd7+ Nbxd7 9. Ngf3 0-0 10. 0-0 Rac8 11. c3 Rfd8 12. Rc1 Rc7 13. Qe2 cxd4 14. cxd4 Rdc8 15. Rxc7 Rxc7 16. Nb3 g6 17. Qd3 Qb4 18. a3 Qb6 19. a4 a5 20. Ne5 Nxe5 21. dxe5 Nd7 22. f4 Rc4 23. Nd4 Rxa4 24. Qb5 Qxb5 25. Nxb5 Rb4 26. Nd6 b6 27. Rc1 Nc5 28. Rc2 Rb3 29. Kf2 Ne4+ 30. Kf3 f6 31. Nxe4 dxe4+ 32. Kxe4 Rb4+ 33. Kf3 fxe5 34. fxe5 Rb5 35. Kf4 Rc5 36. Rd2 Rc6 37. g4 h6 38. h4 a4 39. e4 b5 40. g5 h5 41. Rd7 1/2-1/2

[Event "Schleswig Holstein-ch Seniors op 11th"]
[Site "Buesum"]
[Date "2017.09.12"]
[Round "5"]
[White "Borries, Barbara"]
[Black "Josting, Friedel"]
[Result "0-1"]
[WhiteElo "1790"]
[BlackElo "1884"]
[PlyCount "100"]
[EventDate "2017.09.08"]
[EventType "swiss"]
[EventRounds "9"]
[EventCountry "GER"]
[SourceTitle "EXT 2019"]
[Source "ChessBase"]
[SourceDate "2018.10.10"]
[SourceVersion "1"]
[SourceVersionDate "2018.10.10"]
[SourceQuality "1"]

1. e4 c5 2. Nf3 e6 3. d4 cxd4 4. Nxd4 a6 5. c4 Nc6 6. Nc3 Nf6 7. a3 d6 8. Nxc6 bxc6 9. Be3 Be7 10. Be2 0-0 11. 0-0 Qc7 12. Qc2 Bb7 13. Rad1 Rfd8 14. Rd2 Rac8 15. f4 d5 16. e5 Nd7 17. Bd3 g6 18. Qd1 c5 19. cxd5 exd5 20. Bf2 Nb6 21. Qe2 c4 22. Bb1 Bc5 23. Kh1 Re8 24. Bh4 Be7 25. Bg3 f5 26. Bf2 Bc5 27. Bh4 d4 28. Nd1 d3 29. Qe1 Nd5 30. Qg3 Be7 31. Bxe7 Qxe7 32. Ba2 Kh8 33. Ne3 Nxe3 34. Qxe3 Qc5 35. Qg3 Bd5 36. h4 Qe7 37. Kh2 Rb8 38. Rc1 Rec8 39. Qf2 Qc5 40. Qxc5 Rxc5 41. b3 cxb3 42. Rxc5 bxa2 43. Rxd5 a1Q 44. R5xd3 Qe1 45. Kh3 Qe4 46. Kg3 Kg7 47. Rd7+ Kh6 48. R7d4 Rb3+ 49. Kh2 Qe1 50. R4d3 Qxh4+ 0-1

[Event "Schleswig Holstein-ch Seniors op 11th"]
[Site "Buesum"]
[Date "2017.09.09"]
[Round "2"]
[White "Lambrecht, Harald"]
[Black "Borries, Barbara"]
[Result "0-1"]
[WhiteElo "1414"]
[BlackElo "1790"]
[PlyCount "60"]
[EventDate "2017.09.08"]
[EventType "swiss"]
[EventRounds "9"]
[EventCountry "GER"]
[SourceTitle "EXT 2019"]
[Source "ChessBase"]
[SourceDate "2018.10.10"]
[SourceVersion "1"]
[SourceVersionDate "2018.10.10"]
[SourceQuality "1"]

1. d4 Nf6 2. c4 d6 3. Nc3 g6 4. e4 Bg7 5. f3 0-0 6. Be3 Nc6 7. Nge2 b6 8. g4 e6 9. h4 Ba6 10. Qa4 Bb7 11. Ng3 Nd7 12. 0-0-0 e5 13. Nge2 exd4 14. Nxd4 Nxd4 15. Bxd4 Bxd4 16. Rxd4 Qf6 17. Qd1 a6 18. Nd5 Bxd5 19. exd5 Rfe8 20. g5 Qd8 21. Bh3 Re7 22. Re1 b5 23. Rxe7 Qxe7 24. Re4 Qd8 25. Qe2 Kf8 26. cxb5 axb5 27. Qxb5 Nc5 28. Re3 Rxa2 29. Ra3 Rxa3 30. bxa3 Qa8 0-1

[Event "MVP-ch Seniors op 16th"]
[Site "Binz"]
[Date "2016.11.26"]
[Round "4.71"]
[White "Traut, Alexander"]
[Black "Borries, Barbara"]
[Result "0-1"]
[WhiteElo "1632"]
[BlackElo "1772"]
[PlyCount "79"]
[EventDate "2016.11.23"]
[EventType "swiss"]
[EventRounds "9"]
[EventCountry "GER"]
[SourceTitle "EXT 2018"]
[Source "ChessBase"]
[SourceDate "2017.10.13"]
[SourceVersion "1"]
[SourceVersionDate "2017.10.13"]
[SourceQuality "1"]

1. e4 e5 2. Nc3 Nf6 3. Bc4 Nc6 4. a3 Be7 5. d3 0-0 6. Be3 d6 7. Nge2 Re8 8. 0-0 a6 9. f3 b5 10. Ba2 Bb7 11. b4 Qd7 12. Ng3 Nd4 13. Nce2 Nxe2+ 14. Qxe2 d5 15. Nf5 Bf8 16. Qf2 g6 17. Qg3 Kh8 18. Nh4 Bg7 19. d4 Nh5 20. Qf2 Rf8 21. c3 Rad8 22. Qc2 Qe7 23. g3 exd4 24. cxd4 dxe4 25. f4 f5 26. Rad1 Nf6 27. h3 Bd5 28. Rf2 Rd6 29. Rdd2 Rfd8 30. Qb2 Bxa2 31. Qxa2 Nd5 32. Qb3 Nxe3 33. Qxe3 Bxd4 34. Rxd4 Rxd4 35. Qc3 Kg8 36. Kh2 Rd3 37. Qc1 e3 38. Re2 Rd2 39. Qf1 Rxe2+ 40. Qxe2 0-1

[Event "Arco op 38th"]
[Site "Arco"]
[Date "2016.10.14"]
[Round "7"]
[White "Vivoda, Sergio"]
[Black "Borries, Barbara"]
[Result "1/2-1/2"]
[WhiteElo "1692"]
[BlackElo "1791"]
[PlyCount "80"]
[EventDate "2016.10.08"]
[EventType "swiss"]
[EventRounds "9"]
[EventCountry "ITA"]
[SourceTitle "EXT 2017"]
[Source "ChessBase"]
[SourceDate "2016.10.25"]
[SourceVersion "1"]
[SourceVersionDate "2016.10.25"]
[SourceQuality "1"]

1. Nf3 Nf6 2. g3 d5 3. d4 Bg4 4. Bg2 e6 5. h3 Bxf3 6. Bxf3 Bd6 7. Bg5 Nbd7 8. Nd2 c5 9. e4 dxe4 10. Nxe4 Be7 11. 0-0 Nxe4 12. Bxe7 Qxe7 13. Bxe4 Nf6 14. Bg2 Rd8 15. Qf3 cxd4 16. Qb3 Rd7 17. Qa4 0-0 18. Qxa7 Rc8 19. Rac1 Qb4 20. Qa3 Qxa3 21. bxa3 Rc3 22. Rfd1 Rxa3 23. Rd3 Rxa2 24. Rb3 Rc7 25. Rxb7 Rxb7 26. Bxb7 Kf8 27. Bf3 Ke7 28. Kf1 e5 29. Be2 h6 30. Bc4 Ra5 31. Rb1 Ra7 32. Rb5 Kd6 33. Bb3 Ne4 34. Rd5+ Kc6 35. Rxe5 Nd2+ 36. Ke2 Nxb3 37. cxb3 Rb7 38. Kd3 Rxb3+ 39. Kxd4 Rf3 40. Re2 Rf5 1/2-1/2

[Event "GER-chA Seniors 27th"]
[Site "Magdeburg"]
[Date "2015.08.20"]
[Round "6"]
[White "Borries, Barbara"]
[Black "Haufe, Reinhard"]
[Result "1/2-1/2"]
[WhiteElo "1768"]
[BlackElo "1933"]
[PlyCount "33"]
[EventDate "2015.08.15"]
[EventType "swiss"]
[EventRounds "9"]
[EventCountry "GER"]
[SourceTitle "EXT 2018"]
[Source "ChessBase"]
[SourceDate "2017.10.13"]
[SourceVersion "1"]
[SourceVersionDate "2017.10.13"]
[SourceQuality "1"]

1. e4 d6 2. d4 Nf6 3. Bd3 g6 4. Be3 Bg7 5. h3 0-0 6. Nf3 Nbd7 7. 0-0 c6 8. Nc3 b6 9. Ne2 Bb7 10. Ng3 e5 11. c3 Re8 12. Qd2 d5 13. dxe5 Nxe4 14. Nxe4 dxe4 15. Bxe4 Nxe5 16. Nxe5 Bxe5 17. Qxd8 1/2-1/2

[Event "GER-chA Seniors 27th"]
[Site "Magdeburg"]
[Date "2015.08.19"]
[Round "5"]
[White "Mueller, Klaus2"]
[Black "Borries, Barbara"]
[Result "1-0"]
[WhiteElo "1999"]
[BlackElo "1768"]
[PlyCount "97"]
[EventDate "2015.08.15"]
[EventType "swiss"]
[EventRounds "9"]
[EventCountry "GER"]
[SourceTitle "EXT 2018"]
[Source "ChessBase"]
[SourceDate "2017.10.13"]
[SourceVersion "1"]
[SourceVersionDate "2017.10.13"]
[SourceQuality "1"]

1. e4 e5 2. Nf3 Nc6 3. Bb5 a6 4. Ba4 Nf6 5. d3 d6 6. 0-0 Be7 7. c3 0-0 8. h3 h6 9. Nbd2 b5 10. Bc2 Re8 11. Re1 Bb7 12. Nf1 Qd7 13. Ng3 Bf8 14. d4 exd4 15. cxd4 Rad8 16. Bd2 Ne7 17. Rc1 c5 18. Bb1 Nc6 19. d5 Ne5 20. Nxe5 dxe5 21. Qf3 Nh7 22. Nf5 Rb8 23. Qg3 Kh8 24. f4 g6 25. Nh4 exf4 26. Bxf4 Rbc8 27. Be5+ Rxe5 28. Qxe5+ Bg7 29. Qg3 Bxb2 30. Rcd1 Re8 31. Nf3 c4 32. Qf2 Bc3 33. Rf1 b4 34. Nd4 Kg8 35. Ne2 Be5 36. Bc2 Qc7 37. d6 Bxd6 38. Rxd6 Re7 39. Qd4 Nf8 40. Rd8 Rd7 41. Rxd7 Nxd7 42. Rd1 Qc5 43. Qxc5 Nxc5 44. Rd4 b3 45. axb3 cxb3 46. Bb1 a5 47. Rc4 Ne6 48. Ra4 Ba6 49. Nc3 1-0

[Event "GER-chA Seniors 27th"]
[Site "Magdeburg"]
[Date "2015.08.17"]
[Round "3"]
[White "Juergens, Peter1"]
[Black "Borries, Barbara"]
[Result "1-0"]
[WhiteElo "1966"]
[BlackElo "1768"]
[PlyCount "138"]
[EventDate "2015.08.15"]
[EventType "swiss"]
[EventRounds "9"]
[EventCountry "GER"]
[SourceTitle "EXT 2018"]
[Source "ChessBase"]
[SourceDate "2017.10.13"]
[SourceVersion "1"]
[SourceVersionDate "2017.10.13"]
[SourceQuality "1"]

1. d4 Nf6 2. Nf3 e6 3. Bf4 b6 4. e3 Bb7 5. Nbd2 d5 6. Bd3 Nc6 7. c3 Be7 8. h3 h6 9. 0-0 0-0 10. Bh2 Bd6 11. Ne5 Bxe5 12. dxe5 Nd7 13. Nf3 Nc5 14. Bc2 a5 15. Nd4 Nxd4 16. exd4 Ne4 17. f3 Ng5 18. Re1 Ba6 19. f4 Nh7 20. Qf3 Qe7 21. Bg3 Rae8 22. Bh4 g5 23. Bxh7+ Kxh7 24. fxg5 Qd7 25. Qh5 Rh8 26. gxh6 Bd3 27. Bf6 Rhg8 28. Bg7 Qe7 29. Re3 Bg6 30. Qh4 c5 31. Rf1 cxd4 32. Qxd4 b5 33. Rf6 Rc8 34. Rg3 Rc4 35. Qd2 Qc5+ 36. Kh2 b4 37. Rf4 Rxf4 38. Qxf4 bxc3 39. Rxc3 Qa7 40. Qc1 Qf2 41. Rf3 Qa7 42. Bf6 d4 43. Bg5 Qb7 44. Rf2 d3 45. Qf4 Qa7 46. a3 Qd7 47. Qf6 Qb7 48. Qf4 Qa7 49. Qe3 Qb7 50. Qf3 Qxf3 51. gxf3 Rc8 52. Rd2 Rc5 53. Bf4 Rc2 54. Rxc2 dxc2 55. b4 axb4 56. axb4 Bd3 57. h4 Kg6 58. Kg3 f6 59. exf6 Kxf6 60. h5 e5 61. Bc1 Ke6 62. Kg4 Bh7 63. b5 Kd5 64. Kg5 e4 65. fxe4+ Bxe4 66. Kf6 Kc5 67. Kg7 Kxb5 68. h7 Bxh7 69. Kxh7 Kb4 1-0

[Event "Schleswig Holstein-ch Seniors op"]
[Site "Buesum"]
[Date "2014.10.02"]
[Round "8"]
[White "Borries, Barbara"]
[Black "Scholz, Werner"]
[Result "1-0"]
[WhiteElo "1794"]
[BlackElo "1736"]
[PlyCount "115"]
[EventDate "2014.09.25"]
[EventType "swiss"]
[EventRounds "9"]
[EventCountry "GER"]
[SourceTitle "EXT 2018"]
[Source "ChessBase"]
[SourceDate "2017.10.13"]
[SourceVersion "1"]
[SourceVersionDate "2017.10.13"]
[SourceQuality "1"]

1. e4 c5 2. Nf3 Nc6 3. Nc3 e6 4. Bc4 Nf6 5. 0-0 a6 6. a4 g6 7. d4 cxd4 8. Nxd4 Bg7 9. Nxc6 bxc6 10. e5 Nd5 11. Bxd5 cxd5 12. Qd4 0-0 13. b3 d6 14. f4 Qc7 15. Re1 Qc5 16. Qxc5 dxc5 17. Ba3 Bd7 18. Bxc5 Rfc8 19. Bd4 Rab8 20. Rad1 Bf8 21. Re2 Rb7 22. Nb1 Bb4 23. h3 Bc5 24. Bxc5 Rxc5 25. Rd4 Rbc7 26. Na3 Kf8 27. Kf2 Ke7 28. Red2 Rc3 29. R4d3 f6 30. Ke3 fxe5 31. fxe5 g5 32. Rxc3 Rxc3+ 33. Rd3 Rc8 34. c4 Bc6 35. g3 h5 36. cxd5 Bxd5 37. Nb1 Rb8 38. Nd2 Rb4 39. Rd4 Rb8 40. b4 Rf8 41. h4 Rf5 42. hxg5 Rxg5 43. Kf2 Rxe5 44. a5 Bc6 45. Rh4 Kf6 46. g4 hxg4 47. Rxg4 Bb5 48. Re4 Rxe4 49. Nxe4+ Ke5 50. Nc3 Bc4 51. Ke3 Kd6 52. Kd4 Bf1 53. Ne4+ Kc6 54. Nc3 Kd6 55. Na4 e5+ 56. Ke4 Bg2+ 57. Ke3 Kc6 58. Nc5 1-0

[Event "Schleswig Holstein-ch Seniors op"]
[Site "Buesum"]
[Date "2014.09.30"]
[Round "6"]
[White "Borries, Barbara"]
[Black "Weber, Gerhard"]
[Result "0-1"]
[WhiteElo "1794"]
[BlackElo "1879"]
[PlyCount "104"]
[EventDate "2014.09.25"]
[EventType "swiss"]
[EventRounds "9"]
[EventCountry "GER"]
[SourceTitle "EXT 2018"]
[Source "ChessBase"]
[SourceDate "2017.10.13"]
[SourceVersion "1"]
[SourceVersionDate "2017.10.13"]
[SourceQuality "1"]

1. e4 e5 2. Nf3 Nc6 3. Bb5 Nd4 4. Nxd4 exd4 5. 0-0 Bc5 6. Qg4 Kf8 7. d3 c6 8. Ba4 d6 9. Qg3 h5 10. Bb3 h4 11. Qf3 Qe7 12. h3 Be6 13. Bxe6 Qxe6 14. Qg4 Qe7 15. Bg5 f6 16. Bxh4 g5 17. Bg3 Nh6 18. Qd1 Re8 19. f4 Kg7 20. fxg5 fxg5 21. Nd2 Rhf8 22. Rxf8 Rxf8 23. Qe2 Nf5 24. Bf2 d5 25. Re1 Ne3 26. c3 Nc2 27. exd5 Nxe1 28. Qxe7+ Bxe7 29. Bxe1 dxc3 30. bxc3 Rd8 31. dxc6 bxc6 32. d4 c5 33. Nf3 cxd4 34. cxd4 Rc8 35. Bd2 g4 36. hxg4 Rc2 37. a4 Ra2 38. a5 Bd8 39. Kh2 Bxa5 40. Bxa5 Rxa5 41. Kg3 Rd5 42. Kf4 a5 43. Ke4 Rd8 44. d5 a4 45. Nd2 a3 46. Kd4 a2 47. Nb3 Rb8 48. Na1 Rb1 49. Nc2 Rc1 50. Kd3 Rxc2 51. Kxc2 a1Q 52. Kd3 Qa4 0-1

[Event "Schleswig Holstein-ch Seniors op"]
[Site "Buesum"]
[Date "2014.09.28"]
[Round "4"]
[White "Borries, Barbara"]
[Black "Wanka, Gerd"]
[Result "1-0"]
[WhiteElo "1794"]
[BlackElo "1644"]
[PlyCount "111"]
[EventDate "2014.09.25"]
[EventType "swiss"]
[EventRounds "9"]
[EventCountry "GER"]
[SourceTitle "EXT 2018"]
[Source "ChessBase"]
[SourceDate "2017.10.13"]
[SourceVersion "1"]
[SourceVersionDate "2017.10.13"]
[SourceQuality "1"]

1. e4 e5 2. Nf3 Qe7 3. Nc3 c6 4. d3 h6 5. Be3 d6 6. h3 Nf6 7. Qd2 Be6 8. d4 exd4 9. Nxd4 Nbd7 10. f4 Nc5 11. Bd3 Qc7 12. Nxe6 fxe6 13. 0-0-0 0-0-0 14. g4 Nxd3+ 15. Qxd3 d5 16. exd5 Nxd5 17. Nxd5 exd5 18. Rhf1 Bd6 19. f5 Be5 20. Kb1 Bf6 21. Bxa7 b6 22. Qa6+ Qb7 23. Qxb6 Rd7 24. Qxb7+ Rxb7 25. Bd4 Bxd4 26. Rxd4 Re8 27. Kc1 Re2 28. b3 Rbe7 29. Rfd1 Rh2 30. R4d3 Ree2 31. R1d2 Rxd2 32. Rxd2 Rxh3 33. Rd4 Rh4 34. c3 h5 35. gxh5 Rxh5 36. Rg4 Rxf5 37. Rxg7 Rf2 38. a4 Kb8 39. Kb1 Rf1+ 40. Kb2 Rf2+ 41. Kc1 Rf1+ 42. Kc2 Rf2+ 43. Kd3 Rf3+ 44. Kd4 c5+ 45. Kxc5 Rxc3+ 46. Kb4 Rf3 47. Rd7 Rd3 48. a5 Kc8 49. Rh7 Kb8 50. Ka4 Rd1 51. Kb5 d4 52. Kc4 d3 53. Kb5 d2 54. Kb6 Rc1 55. a6 d1Q 56. a7+ 1-0